Natural rubber serum turned into fertilizer (Record no. 63634)

MARC details
000 -LEADER
fixed length control field 00329nam a2200133Ia 4500
245 #0 - TITLE STATEMENT
Title Natural rubber serum turned into fertilizer
260 ## - PUBLICATION, DISTRIBUTION, ETC. (IMPRINT)
Name of publisher Jap. Chem. Week
Year of publication 1991
300 ## - PHYSICAL DESCRIPTION
Number of Pages 12
500 ## - GENERAL NOTE
General note Source Year: 1992
650 ## - SUBJECT ADDED ENTRY--TOPICAL TERM
Topical Term Rubber serum
856 ## - ELECTRONIC LOCATION AND ACCESS
Uniform Resource Identifier IRRDB
942 ## - ADDED ENTRY ELEMENTS (KOHA)
Koha item type Journals
Holdings
Withdrawn status Lost status Damaged status Not for loan Home library Current library Date acquired Serial Enumeration / chronology Koha item type
      Journals RRII Library RRII Library 17/12/2021 Volume 32, Issue 1622 Journals